000
00310nam a2200121Ia 4500
008
220204s9999 xx 000 0 und d
082
_a
548.7
_b
DEC
100
_a
Decius, John C
245
0
_a
Molecular vibrations in crystals
260
_a
New York
_b
McGraw Hill
_c
1977
700
_a
Hexter, Robert
942
_c
BK
999
_c
28083
_d
28083